00373nam a2200145Ia 4500008004100000020001500041041001200056082001600068100002100084245005200105260003200157300001000189650001600199700001200215221030s9999 xx 000 0 und d a8125906304 aEnglish a105.23bvED aV. N. Vedamurthy 0aNumerical Methodscby V. N. Vedamurthy, Iyengar bVikas Pub.aNew Delhic2000 a12.47 aBE Computer aIyengar